Celtic Trivia - Statistics

General Stats
  • This quiz has been taken 395 times
    199 since last reset
  • The average score is 10 of 15
Answer Stats
Question Answer % Correct
What is the name of Celtic’s stadium? Celtic Park
94%
With which club does Celtic contest the Old Firm Derby? Rangers
89%
Who is the current manager of Celtic? Brendan Rodgers
86%
Who is Celtic’s record sale, joining Arsenal for £25m in 2019? Kieran Tierney
82%
Who is the only player not from the UK or Ireland to feature in Celtic’s top 10 goalscorers of all-time? Henrik Larsson
78%
What is Celtic’s nickname? The {Bhoys}
78%
Which club did Celtic defeat in the 1967 European Cup Final? Inter Milan
76%
Which legendary Celtic manager led the club to 10 Scottish League titles, 8 Scottish Cups and the European Cup during his 13 years in charge? Jock Stein
75%
Who captained Celtic to an unprecedented “quadruple treble” of domestic trophies between 2016/17 and 2019/20? Scott Brown
75%
What is the nickname given to Celtic’s 1967 European Cup Final-winning side? The {Lisbon} {Lions}
73%
Who is Celtic’s record signing, arriving from Paris Saint-German for £9m in 2018? Odsonne Édouard
65%
In 2002, which player was voted by Celtic fans as the club’s greatest ever player? Jimmy Johnstone
60%
Which Scotsman is Celtic’s all-time record goalscorer with 522? Jimmy McGrory
51%
Which Scotsman holds the record for most Celtic appearances with 822? Billy McNeill
41%
Who was the first FIFA World Cup winner to play for Celtic? Juninho
19%
No matching quizzes found
Score Distribution
Percent of People with Each Score
Percentile by Number Answered
Your Score History
You have not taken this quiz since the last reset